| 000 | 00839cab a2200241 4500 | ||
|---|---|---|---|
| 001 | WB3448-18 | ||
| 008 | 090401t1998 xxu||||| |||| 00| 0 eng d | ||
| 035 | _a(Sirsi) u90336 | ||
| 041 | _aeng | ||
| 245 | _aIsle of Wight aid | ||
| 260 | _c1998 | ||
| 350 | _a0 | ||
| 490 |
_aFinancial Times _v15 December 1998, 14(2) |
||
| 520 | _aThe EU ombudsman is to investigate a complaint by the Isle of Wight that it is missing out on regional aid. The Isle of Wight claims that a decision by Eurostat to join it with Hampshire is discriminatory. Cornwall and West Wales are classed as statistical areas in their own right. | ||
| 650 | _aEUROPEAN UNION | ||
| 650 | _aEUROSTAT | ||
| 650 | _aISLE OF WIGHT | ||
| 650 | _aREGIONAL AID | ||
| 650 | _aSTRUCTURAL FUNDS | ||
| 690 | _aECONOMIC AND SOCIAL | ||
| 942 | _n0 | ||
| 948 | _c16/12/1998 | ||
| 999 |
_c57268 _d57268 |
||